European politics today

Bibliographic Details
Other Authors: Almond, Gabriel A. (Gabriel Abraham), 1911-2002 (Editor)
Format: Book
Language:English
PhysicalDescription:xii, 516 s. ilustr. 25 cm
Published: New York Pearson Longman 2006
ISBN:0321236521 (viaz.)
Edition:3rd ed.
Subjects:

MARC

LEADER 00000nam a2200000 a 4500
001 vtls008840449
003 SK-MaSNL
005 20260301205646.0
008 060818s2006 xxua f 001 0 eng
020 |a 0321236521 (viaz.) 
040 |a SNK  |b slo  |c SNK  |e AACR2 
041 0 |a eng 
044 |a us  |c US 
072 7 |a 321  |x Politológia  |2 konspekt 
080 |a 321.7:316.42  |2 2001 
080 |a 321.7+342.34  |2 2001 
080 |a 328/329  |2 2001 
080 |a (048.8)  |2 2001 
245 0 0 |a European politics today  |c editors Gabriel A. Almond ... [et al.] 
250 |a 3rd ed. 
260 |a New York  |b Pearson Longman  |c 2006 
300 |a xii, 516 s.  |b ilustr.  |c 25 cm 
650 0 7 |a demokracia  |z Európa  |2 SNKPH  |9 405514 
650 0 7 |a demokratizácia  |z Európa  |2 SNKPH  |9 592073 
650 0 7 |a Democracy  |z Europe  |2 SNKPHeng  |9 592074 
650 0 7 |a Democratization  |z Europe  |2 SNKPHeng  |9 592075 
651 7 |a Európa  |2 SNKPH  |9 167569 
651 7 |a Europe  |2 SNKPHeng  |9 56249 
655 7 |a štúdie  |2 SNKPH  |9 57033 
655 7 |a Studies  |2 SNKPHeng  |9 265573 
700 1 |a Almond, Gabriel A.  |q (Gabriel Abraham),  |d 1911-2002  |4 edt  |9 592076 
919 |a 0-321-23652-1 
999 |c 910993  |d 912923 
952 |t snkEUR 321.7(4)  |a SNKUST  |b SNKUST  |y PREZ  |7 0  |p 17A0510268  |o snkIC 134382  |i snk2006/16384  |8 2  |g 114.55  |0 0  |1 0  |4 0  |d 2006-08-18  |l 0  |r 2025-04-29 00:00:00  |w 2026-02-24